| 000 | 00360pab a2200157 454500 | ||
|---|---|---|---|
| 008 | 180718b2005 xxu||||| |||| 00| 0 eng d | ||
| 100 | _aSehgal, V.N. | ||
| 245 | _aTerrorism and forensic science | ||
| 260 | _c2005 | ||
| 300 | _ap.18-23. | ||
| 362 | _aMar | ||
| 650 | _aForensic medicine | ||
| 650 | _aTerrorism | ||
| 773 | _aCBI Bulletin | ||
| 909 | _a65600 | ||
| 999 |
_c65600 _d65600 |
||